<?xml version="1.0" encoding="UTF-8"?>
<record
    xmlns:xsi="http://www.w3.org/2001/XMLSchema-instance"
    xsi:schemaLocation="http://www.loc.gov/MARC21/slim http://www.loc.gov/standards/marcxml/schema/MARC21slim.xsd"
    xmlns="http://www.loc.gov/MARC21/slim">

  <leader>02429njm a2200385Ia 4500</leader>
  <controlfield tag="001">48535</controlfield>
  <controlfield tag="003">IT-RoPAU</controlfield>
  <controlfield tag="005">20220918181110.0</controlfield>
  <controlfield tag="008">131025s9999    xx            000 0 und d</controlfield>
  <datafield tag="040" ind1=" " ind2=" ">
    <subfield code="a">IT-RoPAU</subfield>
  </datafield>
  <datafield tag="040" ind1=" " ind2=" ">
    <subfield code="c">IT-RoPAU</subfield>
  </datafield>
  <datafield tag="999" ind1=" " ind2=" ">
    <subfield code="c">98891</subfield>
    <subfield code="d">98891</subfield>
  </datafield>
  <datafield tag="999" ind1=" " ind2=" ">
    <subfield code="b">n.d.</subfield>
  </datafield>
  <datafield tag="100" ind1=" " ind2=" ">
    <subfield code="a">Roach Max</subfield>
    <subfield code="9">21516</subfield>
  </datafield>
  <datafield tag="100" ind1=" " ind2=" ">
    <subfield code="e">Autore musica</subfield>
    <subfield code="9">22363</subfield>
  </datafield>
  <datafield tag="100" ind1=" " ind2=" ">
    <subfield code="g">Codice autore musica SPICS: 16225</subfield>
    <subfield code="9">21518</subfield>
  </datafield>
  <datafield tag="245" ind1=" " ind2=" ">
    <subfield code="a">Max Roach</subfield>
  </datafield>
  <datafield tag="250" ind1=" " ind2=" ">
    <subfield code="a">2a ed.</subfield>
  </datafield>
  <datafield tag="260" ind1=" " ind2=" ">
    <subfield code="a">MILANO</subfield>
  </datafield>
  <datafield tag="260" ind1=" " ind2=" ">
    <subfield code="b">MUSICA JAZZ</subfield>
    <subfield code="c">1987 [1a Ed.:]</subfield>
  </datafield>
  <datafield tag="300" ind1=" " ind2=" ">
    <subfield code="a">DISCO</subfield>
  </datafield>
  <datafield tag="300" ind1=" " ind2=" ">
    <subfield code="c">44 minuti (Testo:  pag.)</subfield>
  </datafield>
  <datafield tag="500" ind1=" " ind2=" ">
    <subfield code="a">Musica jazz. Batteria. Disco fuori commercio allegato al n. 3 '87 della rivista "Musica jazz"</subfield>
  </datafield>
  <datafield tag="505" ind1=" " ind2=" ">
    <subfield code="a">Dance Griot [(Milano, settembre 1978) (6:00)] - Cis [(Brooklyn, fra il 4 e l'8 gennaio 1985) (7:00)] - A Place of Truth [(Milano, fra il 10 e il 17 settembre 1979) (5:00)] - The Smoke That Thunders [(New York, fra il 19 e il 21 ottobre 1984) (6:00)] - A Quiet Place [(New York, tra il 16 e il 18 ottobre 1984) (7:00)] - Sandman [(inedito, New York, tra il 19 e il 21 ottobre 1984) (4:00)] - Henry Street Blues [(Milano, fra il 22 e il 23 luglio 1982) (5:00)] - Jasme [(New York, fra il 19 e il 21 ottobre 1984) (4:00)] - The Drum Also Waltzes [(New York, fra il 19 e il 21 ottobre 1984) (4:00)]</subfield>
  </datafield>
  <datafield tag="511" ind1=" " ind2=" ">
    <subfield code="a">Braxton Anthony: alto; Roach Max: batt</subfield>
  </datafield>
  <datafield tag="511" ind1=" " ind2=" ">
    <subfield code="a">Bridgewater Cecil: tr; Pope Odean: ten; Brown Tyrone: b. el; Roach Max: batt e l'Uptown String Quartet: Williams John: I viol;  Hobbs Cecelia: II viol; Roach Maxine: viola; Folson Eileen: violoncello</subfield>
  </datafield>
  <datafield tag="511" ind1=" " ind2=" ">
    <subfield code="a">Roach Max: p; Bridgewater Cecil: flic; Hill Calvin: cb; Roach Max: batt</subfield>
  </datafield>
  <datafield tag="511" ind1=" " ind2=" ">
    <subfield code="a">M'Boom;  Roach Max: marimba; Waits Freddie: marimba bassa; Smith Warren: marimba bassa; King Fred: vib; Chambers Joe: xil; Mantilla Ray: xil; Fountain Eli: crotali, campane, tubolari; Allen Eddie: triangolo, piatti; Brooks Roy: steel drum; Abdur-Rahman Kenyatte: batt</subfield>
  </datafield>
  <datafield tag="511" ind1=" " ind2=" ">
    <subfield code="a">Bridgewater Cecil: tr; Pope Odean: ten; Hill Calvin: cb; Roach Max: batt </subfield>
  </datafield>
  <datafield tag="650" ind1=" " ind2=" ">
    <subfield code="a">JAZZ [DISCHI]</subfield>
    <subfield code="e">Codice MATERIA SPICS: 9950</subfield>
    <subfield code="9">22364</subfield>
  </datafield>
  <datafield tag="700" ind1=" " ind2=" ">
    <subfield code="a">AA.VV.</subfield>
    <subfield code="e">Autore</subfield>
    <subfield code="g">Codice autore SPICS: 12000</subfield>
    <subfield code="9">799</subfield>
  </datafield>
  <datafield tag="700" ind1=" " ind2=" ">
    <subfield code="a">Roach Max</subfield>
    <subfield code="g">Codice interprete SPICS: 16225</subfield>
    <subfield code="e">Interprete</subfield>
    <subfield code="9">22365</subfield>
  </datafield>
  <datafield tag="700" ind1=" " ind2=" ">
    <subfield code="a">Braxton Anthony</subfield>
    <subfield code="g">Codice autore musica SPICS: 16334</subfield>
    <subfield code="e">Autore musica</subfield>
    <subfield code="p">Dance Griot </subfield>
    <subfield code="9">22366</subfield>
  </datafield>
  <datafield tag="700" ind1=" " ind2=" ">
    <subfield code="a">Pope Odean</subfield>
    <subfield code="g">Codice autore musica SPICS: 18854</subfield>
    <subfield code="e">Autore musica</subfield>
    <subfield code="p">Cis</subfield>
    <subfield code="9">22367</subfield>
  </datafield>
  <datafield tag="942" ind1=" " ind2=" ">
    <subfield code="c">MD</subfield>
    <subfield code="2">ddc</subfield>
  </datafield>
  <datafield tag="952" ind1=" " ind2=" ">
    <subfield code="0">0</subfield>
    <subfield code="1">0</subfield>
    <subfield code="4">0</subfield>
    <subfield code="6">48535_000000000000000</subfield>
    <subfield code="7">1</subfield>
    <subfield code="a">SPICS</subfield>
    <subfield code="b">SPICS</subfield>
    <subfield code="d">2013-10-25</subfield>
    <subfield code="l">0</subfield>
    <subfield code="o">48535</subfield>
    <subfield code="r">2013-10-25 00:00:00</subfield>
    <subfield code="w">2013-10-25</subfield>
    <subfield code="y">MD</subfield>
    <subfield code="z">Progr. Ins.: 14651 / N.Vol.: 1 / Copie: 1 - Copia rara: n.d. / date import: 01.01.2014 - By Epidotti, Trombetti, Vaglietti</subfield>
  </datafield>
</record>
